000 00706nam a2200217 i 4500
001 66343
003 ES-MaACL
005 20250828040953.0
007 t|
008 040203s1960 sp ||||1| spa d
100 1 _aGalino Carrillo, Angeles.
_953455
245 1 0 _aHistoria de la educación /
_cMaría Angeles Galino.
260 _aMadrid :
_bGredos,
_c[1960]
300 _a1 v. ;
_c25 cm.
490 1 _aBiblioteca hispánica de filosofía ;
_v26
505 8 _aContiene: I: Edades Antigua y Media.- 596 pág. + 1 lám.
650 7 _aEducación-
_vHistoria
_2
_9143620
830 0 _aBiblioteca hispánica de filosofía ;
_v26
_9181000
852 _aES-MaACL
_jP-775
_bR.46171
999 _c66343
_d66343